书目信息 |
| 题名: |
运筹帷幄,决胜千里:从生态控制系统工程谈起
|
|
| 作者: | 关君蔚 著 | |
| 分册: | ||
| 出版信息: | 广州 暨南大学出版社 2000.06 |
|
| 页数: | 171页 | |
| 开本: | 32开 | |
| 丛书名: | ||
| 单 册: | ||
| 中图分类: | Q147 | |
| 科图分类: | ||
| 主题词: | 生物学:生态学 | |
| 电子资源: | ||
| ISBN: | 7-81029-927-1 | |
| 000 | 00630nam0 2200193 45 | |
| 001 | 0010281546 | |
| 005 | 20001028150721.2 | |
| 010 | @a7-81029-927-1@d15.00元 | |
| 100 | @a20001028d2000 km y0chiy0120 ea | |
| 101 | 0 | @achi |
| 105 | @a z 000yy | |
| 200 | 1 | @a运筹帷幄,决胜千里:从生态控制系统工程谈起@AYun Chou Wei Wo,Jue Sheng Qian Li:Cong Sheng Tai Kong Zhi Xi Tong Gong Cheng Tan Qi@f关君蔚著@FGuan Jun Wei Zhu |
| 210 | @a广州@c暨南大学出版社@d2000.06 | |
| 215 | @a171页@d32开 | |
| 606 | 0 | @a生物学:生态学 |
| 690 | @aQ147@v3 | |
| 701 | 0 | @a关君蔚@4著 |
| 801 | @aCN@bPftUser@c20001028 | |
| 905 | @b194360-364@dQ147@eG863@f5 | |
| 运筹帷幄,决胜千里:从生态控制系统工程谈起/关君蔚著.-广州:暨南大学出版社,2000.06 |
| 171页;32开 |
| ISBN 7-81029-927-1:15.00元 |
| ● |
| 相关链接 |
|
|
|
正题名:运筹帷幄,决胜千里:从生态控制系统工程谈起
索取号:Q147/G863
 
预约/预借
| 序号 | 登录号 | 条形码 | 馆藏地/架位号 | 状态 | 备注 |
| 1 | 194360 | 201943601 | 生命科学与工程学院资料室/ [索取号:Q147/G863] | 在馆 | |
| 2 | 194361 | 201943610 | 自科库401/401自科库 26排1列2层/ [索取号:Q147/G863] | 在馆 | |
| 3 | 194362 | 201943629 | 生命科学与工程学院资料室/ [索取号:Q147/G863] | 在馆 | |
| 4 | 194363 | 201943638 | 期刊室512/401自科库 26排1列2层/ [索取号:Q147/G863] | 在馆 | |
| 5 | 194364 | 201943647 | 期刊室512/401自科库 26排1列2层/ [索取号:Q147/G863] | 在馆 |